[Event "Titled Tuesday intern op 20th Jun Late"]
[Site "Chess.com INT"]
[Date "2023.06.20"]
[Round "6"]
[White "Stanisz, Patryk"]
[Black "Negron Lizarazo, Juan Sebastian"]
[Result "1-0"]
[WhiteElo "2161"]
[BlackElo "1555"]
[PlyCount "75"]
[EventDate "2023.06.20"]
[EventType "swiss (blitz)"]
[EventRounds "11"]
[EventCountry "USA"]
[SourceTitle "EXT 2024"]
[Source "ChessBase"]
[SourceDate "2023.10.10"]
[SourceVersion "1"]
[SourceVersionDate "2023.10.10"]
[SourceQuality "1"]

1. Nf3 g6 2. c4 Bg7 3. Nc3 e5 4. d3 d6 5. g3 Be6 6. Bg2 h6 7. Qb3 Qc8 8. Nxe5 Bxe5 9. Bxb7 Qd7 10. Bxa8 Nc6 11. e3 Bh3 12. Rg1 Nge7 13. d4 Bg7 14. Qa4 0-0 15. Bxc6 Nxc6 16. Bd2 Re8 17. 0-0-0 Bg4 18. Rde1 Rb8 19. d5 Bxc3 20. Bxc3 Ne5 21. Qxd7 Nxd7 22. e4 Nc5 23. Kd2 h5 24. e5 dxe5 25. Rxe5 f6 26. Re7 Bf5 27. Rge1 Ne4+ 28. R7xe4 Bxe4 29. Rxe4 Rd8 30. Re7 c6 31. Bxf6 Rd6 32. Be5 Rd8 33. d6 Kf8 34. Rxa7 Re8 35. f4 g5 36. Rc7 gxf4 37. gxf4 Kg8 38. Rxc6 1-0

[Event "Titled Tuesday intern op 20th Jun Late"]
[Site "Chess.com INT"]
[Date "2023.06.20"]
[Round "9"]
[White "Stanisz, Patryk"]
[Black "Tarnowska, Aleksandra"]
[Result "1/2-1/2"]
[WhiteElo "2161"]
[BlackElo "1835"]
[PlyCount "118"]
[EventDate "2023.06.20"]
[EventType "swiss (blitz)"]
[EventRounds "11"]
[EventCountry "USA"]
[SourceTitle "EXT 2024"]
[Source "ChessBase"]
[SourceDate "2023.10.10"]
[SourceVersion "1"]
[SourceVersionDate "2023.10.10"]
[SourceQuality "1"]

1. Nf3 d5 2. c4 c6 3. e3 Nf6 4. b3 Bg4 5. Bb2 e6 6. Be2 Bd6 7. Ne5 Bxe2 8. Qxe2 Qc7 9. f4 Nbd7 10. d4 Bb4+ 11. Bc3 Qa5 12. Bxb4 Qxb4+ 13. Qd2 Qxd2+ 14. Nxd2 Nxe5 15. fxe5 Ng4 16. Ke2 h5 17. c5 h4 18. b4 a6 19. a4 Ke7 20. e4 Rad8 21. exd5 Rxd5 22. Nf3 h3 23. g3 Nh6 24. b5 Nf5 25. bxc6 bxc6 26. Rab1 Nxd4+ 27. Nxd4 Rxd4 28. Rb7+ Rd7 29. Rhb1 Rhd8 30. R1b6 Ra8 31. Rxd7+ Kxd7 32. Rb7+ Ke8 33. Rc7 Rb8 34. Rxc6 Rb2+ 35. Kf3 Rxh2 36. Rxa6 Rc2 37. Ra8+ Kd7 38. Rh8 h2 39. Ke4 Kc6 40. Kd4 Rd2+ 41. Kc4 Rc2+ 42. Kb4 Rb2+ 43. Ka3 Rg2 44. Rc8+ Kb7 45. Rh8 Rxg3+ 46. Kb4 Rg2 47. a5 Rb2+ 48. Kc4 Rc2+ 49. Kb5 Rb2+ 50. Ka4 Kc6 51. Rc8+ Kb7 52. Rh8 Kc6 53. a6 Ra2+ 54. Kb4 Rb2+ 55. Ka5 Kxc5 56. Rc8+ Kd5 57. Rh8 Kc5 58. Rc8+ Kd5 59. Rh8 Kc5 1/2-1/2

[Event "Titled Tuesday intern op 25th Apr Late"]
[Site "Chess.com INT"]
[Date "2023.04.25"]
[Round "1"]
[White "Leenhouts, Koen"]
[Black "Stanisz, Patryk"]
[Result "1-0"]
[WhiteElo "2442"]
[BlackElo "2161"]
[PlyCount "87"]
[EventDate "2023.04.25"]
[EventType "swiss (blitz)"]
[EventRounds "11"]
[EventCountry "USA"]
[SourceTitle "EXT 2024"]
[Source "ChessBase"]
[SourceDate "2023.10.10"]
[SourceVersion "1"]
[SourceVersionDate "2023.10.10"]
[SourceQuality "1"]

1. e4 c5 2. Nf3 Nc6 3. Bb5 g6 4. Bxc6 dxc6 5. h3 Bg7 6. d3 Nf6 7. Nc3 Nd7 8. 0-0 e5 9. Be3 Qe7 10. Nh2 Nf8 11. f4 exf4 12. Bxf4 Ne6 13. Be3 Nd4 14. Qd2 h6 15. Rf2 Be6 16. Raf1 0-0-0 17. Ng4 Bxg4 18. Rxf7 Qh4 19. Rxg7 Bxh3 20. Bf4 Bd7 21. Na4 g5 22. Bh2 Rhf8 23. Rgf7 Rxf7 24. Rxf7 b6 25. c3 Qh5 26. Rf2 Ne6 27. b4 cxb4 28. cxb4 Rf8 29. Nc3 Rxf2 30. Qxf2 Kb7 31. d4 Qg4 32. d5 Nf4 33. Bxf4 gxf4 34. Qf3 Qg7 35. b5 cxb5 36. Ne2 Qa1+ 37. Kh2 Qxa2 38. Nxf4 Qb2 39. Nd3 Qg7 40. e5 h5 41. e6 Bxe6 42. dxe6+ Kb8 43. Qf4+ Kb7 44. Qf7+ 1-0

[Event "Titled Tuesday intern op 25th Apr Early"]
[Site "Chess.com INT"]
[Date "2023.04.25"]
[Round "8"]
[White "Sisabayev, Kuanysh"]
[Black "Stanisz, Patryk"]
[Result "1-0"]
[WhiteElo "2235"]
[BlackElo "2161"]
[PlyCount "95"]
[EventDate "2023.04.25"]
[EventType "swiss (blitz)"]
[EventRounds "11"]
[EventCountry "USA"]
[SourceTitle "EXT 2024"]
[Source "ChessBase"]
[SourceDate "2023.10.10"]
[SourceVersion "1"]
[SourceVersionDate "2023.10.10"]
[SourceQuality "1"]

1. e4 c5 2. Nf3 Nc6 3. d4 cxd4 4. Nxd4 Nf6 5. Nxc6 bxc6 6. Bd3 e5 7. 0-0 h6 8. h3 Be7 9. b3 d5 10. Bb2 dxe4 11. Bc4 Qc7 12. Nd2 0-0 13. Qe2 Bf5 14. Rfe1 Rad8 15. Nf1 Bb4 16. Red1 Bg6 17. Ng3 Bc5 18. Kh2 Bd4 19. c3 Bb6 20. b4 Rxd1 21. Rxd1 Rd8 22. Bb3 Rxd1 23. Bxd1 Qd6 24. Bc2 c5 25. b5 c4 26. a4 Qc5 27. Kg1 e3 28. Bxg6 exf2+ 29. Kf1 fxg6 30. Ne4 Nxe4 31. Qxe4 Kh7 32. Bc1 Qd6 33. Qe2 e4 34. Be3 Qh2 35. Qxf2 Bxe3 36. Qxe3 Qe5 37. Ke2 g5 38. Qd4 Qg3 39. Qxe4+ Kh8 40. Qf3 Qe5+ 41. Kd2 Qd6+ 42. Kc2 Qa3 43. Qa8+ Kh7 44. Qe4+ Kh8 45. Qxc4 Kh7 46. Qe4+ Kh8 47. Kd3 Qc1 48. Kc4 1-0

[Event "Titled Tuesday intern op 25th Apr Late"]
[Site "Chess.com INT"]
[Date "2023.04.25"]
[Round "10"]
[White "Smieszek, Wojciech"]
[Black "Stanisz, Patryk"]
[Result "1-0"]
[WhiteElo "2078"]
[BlackElo "2161"]
[PlyCount "59"]
[EventDate "2023.04.25"]
[EventType "swiss (blitz)"]
[EventRounds "11"]
[EventCountry "USA"]
[SourceTitle "EXT 2024"]
[Source "ChessBase"]
[SourceDate "2023.10.10"]
[SourceVersion "1"]
[SourceVersionDate "2023.10.10"]
[SourceQuality "1"]

1. e4 c5 2. Nf3 Nc6 3. d4 cxd4 4. Nxd4 Nf6 5. Nc3 e5 6. Ndb5 d6 7. Nd5 Nxd5 8. exd5 Ne7 9. a4 Nf5 10. Be2 Be7 11. 0-0 0-0 12. f4 a6 13. Na3 exf4 14. Bxf4 Qb6+ 15. Kh1 Qxb2 16. Bd3 g6 17. Nc4 Qd4 18. c3 Qc5 19. a5 Nh4 20. Nb6 Rb8 21. Bh6 Bf5 22. Bxf8 Bxd3 23. Qxd3 Rxf8 24. Nd7 Qc7 25. Nxf8 Bxf8 26. c4 Bg7 27. Rae1 Nf5 28. Rxf5 gxf5 29. Re8+ Bf8 30. Qg3+ 1-0

[Event "Titled Tuesday intern op 25th Apr Early"]
[Site "Chess.com INT"]
[Date "2023.04.25"]
[Round "2"]
[White "Subelj, Jan"]
[Black "Stanisz, Patryk"]
[Result "1-0"]
[WhiteElo "2513"]
[BlackElo "2161"]
[PlyCount "151"]
[EventDate "2023.04.25"]
[EventType "swiss (blitz)"]
[EventRounds "11"]
[EventCountry "USA"]
[SourceTitle "EXT 2024"]
[Source "ChessBase"]
[SourceDate "2023.10.10"]
[SourceVersion "1"]
[SourceVersionDate "2023.10.10"]
[SourceQuality "1"]

1. b3 e5 2. Bb2 Nc6 3. g3 d5 4. Bg2 Nf6 5. e3 d4 6. Ne2 Bg4 7. h3 Be6 8. exd4 exd4 9. Nf4 Bd7 10. 0-0 Be7 11. c3 dxc3 12. dxc3 0-0 13. c4 Bf5 14. Nc3 Qxd1 15. Raxd1 Bd6 16. Nfd5 Nxd5 17. Nxd5 Rac8 18. Ne3 Be6 19. Bxc6 bxc6 20. Kg2 a5 21. Rfe1 a4 22. Bd4 axb3 23. axb3 c5 24. Bc3 Rb8 25. Rb1 Rb7 26. Rb2 Rfb8 27. Ra1 f6 28. Ra3 Kf7 29. f4 h6 30. h4 Bd7 31. Kf3 Bc6+ 32. Ke2 Re8 33. Kd2 Be4 34. Ra6 g5 35. hxg5 fxg5 36. Be5 Bxe5 37. fxe5 Kg7 38. e6 Rb6 39. Ra7 Rc6 40. Nd5 Rexe6 41. Nxc7 Re7 42. Nb5 Rxa7 43. Nxa7 Rd6+ 44. Ke3 Bg6 45. Rd2 Rxd2 46. Kxd2 Kf6 47. Nc6 h5 48. Na5 h4 49. gxh4 gxh4 50. Ke3 Ke6 51. Nb7 Bc2 52. Nxc5+ Kd6 53. b4 Bb1 54. Nb7+ Kc7 55. Na5 Ba2 56. c5 h3 57. Kf3 Bb1 58. Kg3 Bf5 59. b5 Bd3 60. b6+ Kb8 61. Kxh3 Be4 62. Kg3 Bd5 63. Kf4 Kc8 64. Ke5 Bf3 65. Kd6 Bg2 66. c6 Kb8 67. c7+ Kc8 68. b7+ Bxb7 69. Nxb7 Kxb7 70. Kd7 Ka6 71. c8Q+ Ka7 72. Qc1 Kb6 73. Qc6+ Ka7 74. Qb5 Ka8 75. Kc7 Ka7 76. Qa5# 1-0

[Event "Titled Tuesday intern op 25th Apr Early"]
[Site "Chess.com INT"]
[Date "2023.04.25"]
[Round "10"]
[White "Todorovic, Bojan"]
[Black "Stanisz, Patryk"]
[Result "0-1"]
[WhiteElo "2217"]
[BlackElo "2161"]
[PlyCount "148"]
[EventDate "2023.04.25"]
[EventType "swiss (blitz)"]
[EventRounds "11"]
[EventCountry "USA"]
[SourceTitle "EXT 2024"]
[Source "ChessBase"]
[SourceDate "2023.10.10"]
[SourceVersion "1"]
[SourceVersionDate "2023.10.10"]
[SourceQuality "1"]

1. Nf3 d5 2. g3 c6 3. Bg2 Bf5 4. 0-0 e6 5. d3 h6 6. Nbd2 Nf6 7. b3 Be7 8. Bb2 0-0 9. c4 a5 10. Qc2 Nbd7 11. Rac1 Bh7 12. Qb1 a4 13. b4 a3 14. Bc3 Re8 15. Qb3 Qc7 16. Nb1 e5 17. cxd5 Nxd5 18. Bd2 Qb6 19. Nxa3 e4 20. Nc4 Qa7 21. dxe4 Bxe4 22. a3 Bf6 23. Rfd1 Bf5 24. Ne3 Be6 25. Nc4 N5b6 26. Be3 Qa6 27. Nfd2 Nxc4 28. Rxc4 Ne5 29. Rdc1 Nxc4 30. Rxc4 Bxc4 31. Nxc4 Rad8 32. Bf3 Qb5 33. Kg2 Qf5 34. h3 Qe6 35. Qc2 Bg5 36. Bb6 Ra8 37. Na5 Qe7 38. h4 Bf6 39. Bc5 Qd7 40. Nc4 Red8 41. Nb6 Qd2 42. Qf5 Rab8 43. Nc4 Qd7 44. Qf4 Rbc8 45. Nb6 Qc7 46. Nxc8 Qxf4 47. gxf4 Rxc8 48. h5 Bb2 49. a4 Ra8 50. a5 Rd8 51. a6 bxa6 52. Bxc6 Ba3 53. Bb7 Rb8 54. Bxa6 Bxb4 55. Be3 Bd6 56. Bc4 Rb4 57. Bd5 Bxf4 58. Bxf4 Rxf4 59. Bf3 Kf8 60. Kg3 Rf6 61. e3 Rb6 62. Bg4 Ke7 63. f4 Kf6 64. Kf3 Rb3 65. Bh3 Ra3 66. Bg4 g6 67. hxg6 fxg6 68. Bh3 h5 69. Kf2 Ra2+ 70. Kf3 Rb2 71. e4 Rb3+ 72. Kg2 h4 73. e5+ Ke7 74. Bg4 Rg3+ 0-1

[Event "Titled Tuesday intern op 18th Apr Late"]
[Site "Chess.com INT"]
[Date "2023.04.18"]
[Round "7"]
[White "Buchenau, Frank"]
[Black "Stanisz, Patryk"]
[Result "1-0"]
[WhiteElo "2222"]
[BlackElo "2161"]
[PlyCount "67"]
[EventDate "2023.04.18"]
[EventType "swiss (blitz)"]
[EventRounds "11"]
[EventCountry "USA"]
[SourceTitle "EXT 2024"]
[Source "ChessBase"]
[SourceDate "2023.10.10"]
[SourceVersion "1"]
[SourceVersionDate "2023.10.10"]
[SourceQuality "1"]

1. e4 c5 2. Nf3 Nc6 3. Bb5 g6 4. Bxc6 dxc6 5. d3 Bg7 6. 0-0 Nf6 7. a4 a5 8. Na3 Nd7 9. Nc4 0-0 10. e5 b5 11. e6 fxe6 12. Na3 Ne5 13. Nxe5 Bxe5 14. Qe2 Qd6 15. axb5 cxb5 16. Nxb5 Bxh2+ 17. Kh1 Qb8 18. Nc3 Bd6 19. Ne4 Qb4 20. Bd2 Qd4 21. Bc3 Qd5 22. Rxa5 Rxa5 23. Bxa5 Bb8 24. c4 Qe5 25. g3 Bb7 26. Bc3 Qf5 27. Kg2 h5 28. f3 h4 29. Rh1 h3+ 30. Rxh3 Kf7 31. g4 Qf4 32. Bd2 Qe5 33. Bc3 Qf4 34. Qd2 1-0

[Event "Titled Tuesday intern op 18th Apr Late"]
[Site "Chess.com INT"]
[Date "2023.04.18"]
[Round "3"]
[White "Gerbelli Neto, Eduardo"]
[Black "Stanisz, Patryk"]
[Result "1-0"]
[WhiteElo "2114"]
[BlackElo "2161"]
[PlyCount "42"]
[EventDate "2023.04.18"]
[EventType "swiss (blitz)"]
[EventRounds "11"]
[EventCountry "USA"]
[SourceTitle "EXT 2024"]
[Source "ChessBase"]
[SourceDate "2023.10.10"]
[SourceVersion "1"]
[SourceVersionDate "2023.10.10"]
[SourceQuality "1"]

1. e4 c5 2. Nc3 Nc6 3. f4 g6 4. Nf3 Bg7 5. Bc4 Rb8 6. d3 e6 7. f5 Nge7 8. fxe6 fxe6 9. Bf4 d6 10. 0-0 0-0 11. Qd2 a6 12. a4 b5 13. axb5 axb5 14. Nxb5 Rxb5 15. Bxb5 Bxb2 16. Rab1 Bg7 17. Bh6 e5 18. Bc4+ Kh8 19. Bxg7+ Kxg7 20. Ng5 Rxf1+ 21. Rxf1 Qb6 1-0